2013 10th Annual Conference on Wireless On-demand Network Systems and Services (WONS)

Detalles Bibliográficos
Formato: Electrónico Libro
Idioma:English
Publicado: IEEE
Subjects:
Acceso en liña:Full text available on IEEE [2017-2023]
Off-campus access
Classic Catalogue: View this record in Classic Catalogue
LEADER 01205cam a2200217 a 4500
001 AALConferenceProceedingsIEEE018504
008 231005c9999 xx r poo 0 0eng d
020 |a 978-1-4799-0747-2 
020 |a 978-1-4799-0749-6 
040 |a BD-DhAAL  |c BD-DhAAL 
245 0 0 |h [electronic resource]  |a 2013 10th Annual Conference on Wireless On-demand Network Systems and Services (WONS) 
260 |b IEEE 
300 |a 1 online resource 
500 |a <strong>Off-Campus Access:</strong> Athens ID and Password Required 
500 |a <strong>On-Campus Access:</strong> No User ID or Password Required 
506 |a Electronic access restricted to authorized BRAC University faculty, staff and students 
538 |a Mode of access: Internet 
650 4 |a Computing and Processing; Communication, Networking and Broadcast Technologies; Components, Circuits, Devices and Systems 
655 7 |a Conference papers and proceedings.  |2 Library of Congress 
856 4 0 |z Full text available on IEEE [2017-2023]  |u https://ieeexplore.ieee.org/servlet/opac?punumber=6573245 
856 4 0 |z Off-campus access  |u https://go.openathens.net/redirector/bracu.ac.bd?url=https%3A%2F%2Fieeexplore.ieee.org%2Fservlet%2Fopac%3Fpunumber%3D6573245